|
|
|
|
| LEADER |
00000nam a2200000 4500 |
| 001 |
vtls012244035 |
| 003 |
SK-MaSNL |
| 005 |
20260425230308.0 |
| 008 |
231114s2016 xo f a 100 0 slo |
| 015 |
|
|
|a SNBA2023/11
|
| 020 |
|
|
|a 9788089797127
|q (brožované)
|
| 040 |
|
|
|a SNK
|b slo
|c SNK
|e rda
|
| 041 |
0 |
|
|a slo
|
| 043 |
|
|
|a e-xo---
|
| 044 |
|
|
|a xo
|c SK
|
| 072 |
|
7 |
|a 616
|x Patológia. Klinická medicína
|2 konspekt
|
| 080 |
|
|
|a 616-036.22:005.584.1
|2 2011
|
| 080 |
|
|
|a 616.9
|2 2011
|
| 080 |
|
|
|a (437.6)
|2 2011
|
| 080 |
|
|
|a (062.534)
|2 2011
|
| 080 |
|
|
|a (048.3)
|2 2011
|
| 080 |
|
|
|a 616-036.22
|2 2011
|
| 080 |
|
|
|a (083.97)
|2 2011
|
| 111 |
2 |
|
|a Vedecko-odborná konferencia národných referenčných centier pre surveillance infekčných chorôb v SR
|n (13. :
|d 2016 :
|c Bratislava, Slovensko)
|4 aut
|9 421301
|
| 245 |
1 |
0 |
|a XIII. vedecko-odborná konferencia národných referenčných centier pre surveillance infekčných chorôb v SR
|b 15.3.2016, Bratislava : program a zborník abstraktov
|c zostavovateľ: Zuzana Krištúfková
|
| 246 |
3 |
|
|a Trinásta vedecko-odborná konferencia národných referenčných centier pre surveillance infekčných chorôb v SR
|
| 264 |
|
1 |
|a [Bratislava]
|b [A-medi management, s.r.o.]
|c [2016]
|
| 300 |
|
|
|a 46 strán
|c 21 cm
|
| 336 |
|
|
|a text
|b txt
|2 rdacontent
|
| 337 |
|
|
|a bez média
|b n
|2 rdamedia
|
| 338 |
|
|
|a zväzok
|b nc
|2 rdacarrier
|
| 500 |
|
|
|a Názov z obálky
|
| 500 |
|
|
|a Vydavateľské údaje podľa NA ISBN
|
| 650 |
0 |
7 |
|a epidemiológia
|2 SNKPH
|9 836
|
| 650 |
0 |
7 |
|a epidemiologická bdelosť
|2 SNKPH
|9 421302
|
| 650 |
0 |
7 |
|a infekčné choroby
|2 SNKPH
|9 859
|
| 650 |
0 |
7 |
|a Epidemiology
|2 SNKPHeng
|9 270713
|
| 650 |
0 |
7 |
|a Epidemiological surveillance
|2 SNKPHeng
|9 421303
|
| 650 |
0 |
7 |
|a Infectious diseases
|2 SNKPHeng
|9 268190
|
| 651 |
|
7 |
|a Slovensko
|2 SNKPHgeo
|9 14231
|
| 651 |
|
7 |
|a Slovakia
|2 SNKPHeng
|9 92630
|
| 655 |
|
7 |
|a programy
|2 SNKPH
|9 70598
|
| 655 |
|
7 |
|a Programs
|2 SNKPHeng
|9 330885
|
| 655 |
|
7 |
|a zborníky konferencií
|2 SNKPH
|9 70153
|
| 655 |
|
7 |
|a abstrakty
|2 SNKPH
|9 22516
|
| 655 |
|
7 |
|a Proceedings of conferences
|2 SNKPHeng
|9 265791
|
| 655 |
|
7 |
|a Abstracts
|2 SNKPHeng
|9 275616
|
| 700 |
1 |
|
|a Krištúfková, Zuzana
|4 com
|9 12674
|
| 852 |
|
|
|a Slovenská národná knižnica
|
| 919 |
|
|
|a 978-80-89797-12-7
|
| 954 |
|
|
|a odborná, vedecká literatúra pôvodná (slovenská)
|2 lita
|
| 958 |
|
|
|a MI
|
| 999 |
|
|
|c 671839
|d 673769
|
| 952 |
|
|
|a SNK
|b SNK
|y PREZ
|7 0
|p 17A1539153
|o snkOSC 30159
|i snk2023/16509
|8 0
|0 0
|1 0
|4 0
|d 2023-11-14
|l 0
|r 2026-02-23 19:29:38
|w 2026-02-23
|